000 004740000a22001690004500
020 _a0-8499-3155-X
041 0 _aENG
082 0 4 _aG 261.8 E478c
245 1 0 _aChristian relief and development : Developing workers for effective ministry / Edgar J. Elliston, Editor
260 _aDallas, USA : Word
300 _a351 Pag
001 6922
942 _cBK
999 _c37169
_d37169
336 _atexto
_btxt
_2rdacontent
337 _2rdamedia
_asin mediación
_bn
338 _2rdacarrier
_avolumen
_bnc